000 01729aab a2200217 i 4500
001 768714001
003 CO-MdFUSB
005 20250304090756.0
008 170812b1987 cr ||||| |||| 00| 0 spa d
040 _aCO-MdFUSB
_cCO-MdFUSB
_dCO-MdFUSB
_bspa
041 _aspa
100 1 _aSimpson, Charles
_eautor
245 1 3 _aEl poder para bendecir
_c/ Charles Simpson
300 _aVolumen 1. Número 2 (1987), páginas 36-41
_c: 28 cm.
520 _aEl texto de Charles Simpson resalta el poder divino para bendecir a otros, destacando que Dios desea prosperar a la humanidad a través de individuos dispuestos a ser canales de bendición. Utilizando el ejemplo de Abraham, quien fue elegido para bendecir a todas las naciones, el autor explica que las bendiciones no son solo beneficios materiales, sino el poder de Dios para ayudar a otros a prosperar. Simpson subraya que la clave para recibir bendiciones está en la disposición de bendecir a los demás, no en buscar prosperidad personal. El autor también habla sobre la misión de los hijos de Abraham de extender las bendiciones a las naciones, algo que Jesús continuó al dar vida y prosperidad a todos. Finalmente, invita a los lectores a unirse al propósito divino de bendecir a las naciones, resaltando que nuestra capacidad de evangelizar depende de nuestra disposición para bendecir a los demás. En resumen, el texto destaca cómo las bendiciones divinas no solo deben ser recibidas, sino también compartidas, para que otros puedan prosperar.
546 _aTexto en español
650 0 _aVida cristiana
_919
773 0 _tConquista Cristiana
_049446
_960349
_gVolumen 1. Número 2 (1987), páginas 36-41
_qPágina 36
942 _cANA
945 _aJTF-925
999 _c50364
_d50364